Ley Forestal y su reglamento : síntesis de jurisprudencia constitucional agraria, penal y administrativa, comentada y concordada /
Guardado en:
| Autor Corporativo: | |
|---|---|
| Otros Autores: | |
| Formato: | Libro |
| Idioma: | Spanish |
| Publicado: |
San José :
IJSA,
2004.
|
| Edición: | 1a. ed. |
| Materias: | |
| Etiquetas: |
Agregar Etiqueta
Sin Etiquetas, Sea el primero en etiquetar este registro!
|
| LEADER | 00690nam a22001935a 4500 | ||
|---|---|---|---|
| 001 | DER.der014603 | ||
| 008 | 200304s2004####cr############000#0#spa#d | ||
| 005 | 20251210182550.0 | ||
| 245 | 1 | 0 | |a Ley Forestal y su reglamento : |b síntesis de jurisprudencia constitucional agraria, penal y administrativa, comentada y concordada / |c Carlos Bolaños Céspedes [et. al.]. |
| 250 | |a 1a. ed. | ||
| 260 | |a San José : |b IJSA, |c 2004. | ||
| 300 | |a 245 p. | ||
| 020 | |a 9977131015 | ||
| 110 | 2 | |a Costa Rica. |b [Leyes, etc.]. | |
| 700 | 1 | |a Bolaños Céspedes, Carlos. | |
| 650 | 7 | |a DERECHO AMBIENTAL | |
| 650 | 7 | |a Derecho comparado | |
| 650 | 7 | |a Áreas protegidas | |
| 859 | |a DERECHO |b BIB. DERECHO |h 344.046 |i BOL |p 009901 | ||
